000
00249nam a22001217a 4500
003
SGT
082
_a
336.24092
_b
SIM
100
_a
SIMON
245
_a
SIMON INCOME TAX
260
_a
LONDON
_b
BUTTERWORTH
_c
1952
300
_a
XIX , 660
942
_2
ddc
_c
BK
999
_c
20760
_d
20760